000 01098nam a2200265Ia 4500
003 OSt
005 20221005111117.0
006 a|||||r|||| 00| 0
007 ta
008 221004b |||||||| |||| 00| 0 hin d
020 _a9789352294909 (hbk)
_cINR 450.00
024 _a33532
037 _b78, 15/03/2017, Mallika Books
_cTextual
040 _aCRL
_cCRL
_bhin
041 _2hin
_ahin
082 _aO152:g, Q6
100 _aरजत रानी, ‘मीनू’, संपा.
_9160448
245 0 _aअस्मितामूलक विमर्श और हिन्दी साहित्यः पाठ एवं आलोचना
246 _aAsmitāmūlak vimarsha aur hindī sāhityah pāṭh evan ālochanā
260 _aनई दिल्ली
_bवाणी प्रकाशन भारत
_c2016
300 _a220पृ0
_ccm.
650 _aहिन्दी साहित्य
942 _hO152:g, Q6
_cTEXL
_2cc
999 _c1020855
_d1020855